Five chansons : (1575) for three voices or instruments /

Bibliographic Details
Main Author: Castro, Jean de, approximately 1540-approximately 1600
Other Authors: Lasso, Orlando di, 1532-1594
Format: Musical Score Book
Language:French
Published: [London?] : London Pro Musica Edition, [1979]
Series:Thesaurus musicus (London Pro Musica Edition) ; 12.
Subjects:

MARC

Tag First Indicator Second Indicator Subfields
LEADER 00000ccm a2200000Ii 4500
001 in00002397439
005 20151109070511.0
008 801013s1979 enkcpa ehi n fre
010 |a  80771407  
029 1 |a NLGGC  |b 102919534 
029 1 |a NZ1  |b 3970759 
029 1 |a AU@  |b 000007577000 
029 1 |a AU@  |b 000023669050 
035 |a (OCoLC)ocm06818358 
035 |a (OCoLC)6818358 
040 |a DLC  |c IUL  |d OCL  |d OCLCQ  |d TXA  |d UtOrBLW 
045 0 |a t7t7 
048 |a va01  |a vc01  |a vd01 
049 |a TXAM 
050 0 |a M1579.C32  |b C56  |a M386  |a M990 
090 |a M1579.C32  |b C56 1979 
100 1 |a Castro, Jean de,  |d approximately 1540-approximately 1600. 
240 1 0 |a Chansons  |n (1575).  |k Selections 
245 1 0 |a Five chansons :  |b (1575) for three voices or instruments /  |c Jean de Castro. 
264 1 |a [London?] :  |b London Pro Musica Edition,  |c [1979] 
264 4 |c ©1979 
300 |a 1 score (11 pages) ;  |c 30 cm. 
336 |a notated music  |b ntm  |2 rdacontent 
337 |a unmediated  |b n  |2 rdamedia 
338 |a volume  |b nc  |2 rdacarrier 
490 1 |a Thesaurus musicus ;  |v 12 
500 |a "Extremely free parodies of chansons by Lassus," for superius, tenor, and bassus; French words, with English translations at the foot of each page. 
500 |a Edited from the 1st edition published by A. Le Roy and R. Ballard, Paris. 
505 0 |a Mon coeur se recommande a vous.--Petite folle.--Bon jour, mon coeur.--Margot, labourez les vignes.--Fuyons tous d'amour le jeu. 
650 0 |a Polyphonic chansons. 
700 1 |a Lasso, Orlando di,  |d 1532-1594.  |t Chansons.  |k Selections. 
830 0 |a Thesaurus musicus (London Pro Musica Edition) ;  |v 12. 
948 |a cataloged  |b h  |c 2008/6/17  |d c  |e jgreene  |f 5:41:56 pm 
994 |a C0  |b TXA 
999 |a MARS 
999 f f |s 9b6134f1-111f-34f1-bb9c-8026c1ecf21f  |i 635e3829-d37e-396a-8051-1169ece11aeb  |t 0 
952 f f |p normal  |a Texas A&M University  |b College Station  |c Sterling C. Evans Library  |d Evans: Library Stacks  |t 0  |e M1579.C32 C56 1979  |h Library of Congress classification  |i unmediated -- volume  |m A14834290121 
998 f f |a M1579.C32 C56 1979  |t 0  |l Evans: Library Stacks